| 000 | 01298cam a22003134a 4500 | ||
|---|---|---|---|
| 001 | 15579843 | ||
| 005 | 20100202192052.0 | ||
| 008 | 090108s2009 nyu b 001 0 eng | ||
| 010 | _a 2008055873 | ||
| 020 | _a978023617674 (alk. paper) | ||
| 040 |
_aDLC _cDLC _dDLC |
||
| 043 | _aa------ | ||
| 050 | 0 | 0 |
_aJQ1852.A91 _bC44 2009 |
| 082 | 0 | 0 |
_a323.04209 _222 _bHWA |
| 100 | 1 |
_aChernov-Hwang, Julie. _911746 |
|
| 245 | 1 | 0 |
_aPeaceful Islamist mobilization in the Muslim world : _bwhat went right / _cJulie Chernov Hwang. |
| 250 | _a1st ed. | ||
| 260 |
_aNew York : _bPalgrave-Macmillan, _cc.2009. |
||
| 300 |
_axviii, 235 p. ; _c22 cm. |
||
| 500 | _aIncludes Index. | ||
| 504 | _aIncludes bibliographical references (p. [213]-228) and index. | ||
| 650 | 0 |
_aPolitical participation _zIslamic countries. _911747 |
|
| 650 | 0 |
_aIslam and politics. _911748 |
|
| 650 | 0 |
_aPolitical parties _zIslamic countries. _911749 |
|
| 651 | 0 |
_aIslamic countries _xPolitics and government. _911750 |
|
| 942 |
_2ddc _cBB |
||
| 999 |
_c13478 _d13478 |
||